000 00449cam a2200145 i 4500
005 20260309133721.0
008 250721s1992 ii gr 000 0 eng d
082 1 4 _a827/
_bT R A
245 1 2 _aA Train Load of Jokes and Anecdotes /
_cComplaied and Ediyed by K .R. Vaidyanathan.
250 _aFifth Edition.
264 3 1 _aNew Delhi :
_bUSB Publishesrs Distributors Ltd,
_c1992.
300 _a140 pages.
942 _2ddc
_cBK
999 _c89754
_d89754